00600nam a2200193 a 450000100060000000300080000600500170001400800410003103500200007204000340009204100080012608200260013410000380016024500610019826000580025930000210031750400380033860000300037662958BD-RjUL20211209081139.0170126t19631959enk b 001 0 eng d a(BD-RjUL) 63086 aBD-RjUcBD-RjULdBD-RjULbeng aeng 223a823.912bTIR 19631 aTindall, William York,d1903-198112aA reader's guide to James Joyce /cWilliam York Tindall. aLondon :bThames and Hudson,c c1959 [reprinted 1963] a304 p. ;c21 cm. aIncludes bibliography and index.10aJoyce, James,d1882-1941.